000 00533nam a2200181 4500
999 _c465
_d465
001 628
005 20191029145825.0
008 191029b ||||| |||| 00| 0 eng d
020 0 0 _a9789993622963
090 0 0 _a390.095498
100 0 0 _aTobgye, Sonam.
245 0 0 _aབསམ༌སྤྱོད༌ཤེས༌ཡོན།
_cSonam Tobgye.
260 0 0 _aThimphu :
_bKMT,
_c2008.
300 0 0 _aiii, 272 p. : col. ill.
500 0 0 _aIn Dzongkha
650 0 0 _aEtiquette --Bhutan --Handbooks, manuals, etc.
942 _2ddc
_cDZONGKHA